| 000 | 005180000a22001810004500 | ||
|---|---|---|---|
| 003 | MACL | ||
| 005 | 20160305160339.0 | ||
| 008 | 160305b xxu||||| |||| 00| 0 eng d | ||
| 040 |
_aMACL _cMACL |
||
| 041 | _aHindi | ||
| 082 | _a891.432 | ||
| 100 |
_aविजय तेंडुलकर _919948 |
||
| 245 | _aखामोश अदालत जारी है | ||
| 260 |
_bसंभावना प्रकाशन _aहापुड |
||
| 350 | _a7 | ||
| 650 |
_aDrama _943215 |
||
| 942 |
_cHIN _k891.432 _2ddc |
||
| 999 |
_c26104 _d26104 |
||